Abbreviations of Romanian Counties - Statistics

General Stats
  • This quiz has been taken 221 times
  • The average score is 42 of 42
Answer Stats
County Abbreviation % Correct
Argeș AG
100%
Arad AR
100%
Bucharest B
100%
Bacău BC
100%
Bihor BH
100%
Bistrița-Năsăud BN
100%
Brăila BR
100%
Covasna CV
100%
Gorj GJ
100%
Hunedoara HD
100%
Ilfov IF
100%
Mehedinți MH
100%
Maramureș MM
100%
Olt OT
100%
Sibiu SB
100%
Alba AB
99%
Botoșani BT
99%
Brașov BV
99%
Buzău BZ
99%
Cluj CJ
99%
Călărași CL
99%
Caraș-Severin CS
99%
Constanța CT
99%
Dolj DJ
99%
Galați GL
99%
Ialomița IL
99%
Iași IS
99%
Mureș MS
99%
Sălaj SJ
99%
Satu Mare SM
99%
Tulcea TL
99%
Timiș TM
99%
Vâlcea VL
99%
Vrancea VN
99%
Vaslui VS
99%
Dâmbovița DB
98%
Neamț NT
98%
Prahova PH
98%
Suceava SV
98%
Giurgiu GR
96%
Harghita HR
96%
Teleorman TR
95%
No matching quizzes found
Score Distribution
Percent of People with Each Score
Percentile by Number Answered
Your Score History
You have not taken this quiz